[Event "Albert Boxer mem"]
[Site "Winnipeg CAN"]
[Date "2009.05.31"]
[Round "4"]
[White "Vincent, Trevor"]
[Black "Lipnowski, Samuel"]
[Result "1-0"]
[WhiteElo "2234"]
[BlackElo "2278"]
[PlyCount "151"]
[GameId "2160767910156606"]
[EventDate "2009.05.29"]
[EventType "swiss"]
[EventRounds "5"]
[EventCountry "CAN"]
[SourceTitle "EXT 2011"]
[Source "ChessBase"]
[SourceDate "2011.11.26"]
[SourceVersion "1"]
[SourceVersionDate "2011.11.26"]
[SourceQuality "1"]

1. c4 c5 2. g3 Nc6 3. Bg2 g6 4. Nc3 Bg7 5. a3 d6 6. Rb1 a5 7. Nf3 Nh6 8. O-O O-O 9. d3 Nf5 10. Bd2 e6 11. Ne1 Rb8 12. Nc2 Bd7 13. Nb5 Qe7 14. e4 Nfd4 15. Ncxd4 cxd4 16. b4 b6 17. Qb3 Rfd8 18. Rfe1 Be8 19. f4 Rdc8 20. Bh3 Rd8 21. Rf1 Bh6 22. Qb2 Bg7 23. bxa5 bxa5 24. a4 Bd7 25. Qa3 Bf8 26. Qa1 Bg7 27. Rb3 Be8 28. Rf2 Ra8 29. Bc1 e5 30. Bd2 Bd7 31. Bxd7 Rxd7 32. f5 Bf6 33. Qf1 g5 34. Qd1 Kg7 35. Qh5 h6 36. Rf1 Rh8 37. Rfb1 Ra8 38. Kg2 Qe8 39. Na3 Nb4 40. Bxb4 axb4 41. Rxb4 Be7 42. Nb5 d5 43. f6+ Bxf6 44. cxd5 Be7 45. Rc4 f5 46. Qxe8 Rxe8 47. Nc7 Rg8 48. exf5 Bd8 49. Ne6+ Kf7 50. Rb5 g4 51. Rc6 Ra7 52. Rb4 Ba5 53. Rb5 Bd8 54. Nc5 Bg5 55. a5 Rga8 56. a6 e4 57. dxe4 d3 58. Nxd3 Rxa6 59. Rb7+ Ke8 60. Rxa6 Rxa6 61. Rb2 Ra3 62. Nf2 h5 63. Re2 Bd8 64. e5 Bb6 65. Ne4 Ra1 66. h3 Rg1+ 67. Kh2 Rd1 68. hxg4 hxg4 69. Nf6+ Kd8 70. d6 Bg1+ 71. Kg2 Bd4 72. Nxg4 Bxe5 73. Nxe5 Ke8 74. d7+ Kf8 75. f6 Rd6 76. Rc2 1-0

[Event "Albert Boxer mem"]
[Site "Winnipeg CAN"]
[Date "2009.05.31"]
[Round "5"]
[White "Araullo, Paolo"]
[Black "Vincent, Trevor"]
[Result "0-1"]
[WhiteElo "1967"]
[BlackElo "2234"]
[PlyCount "124"]
[GameId "2160767910156607"]
[EventDate "2009.05.29"]
[EventType "swiss"]
[EventRounds "5"]
[EventCountry "CAN"]
[SourceTitle "EXT 2011"]
[Source "ChessBase"]
[SourceDate "2011.11.26"]
[SourceVersion "1"]
[SourceVersionDate "2011.11.26"]
[SourceQuality "1"]

1. e4 c5 2. Nf3 e6 3. c3 Nf6 4. d3 Nc6 5. g3 Be7 6. Bg2 d5 7. exd5 Nxd5 8. O-O Bf6 9. Nbd2 O-O 10. Ne4 b6 11. Nxf6+ Qxf6 12. c4 Nc7 13. Ng5 Bd7 14. Ne4 Qe7 15. Bg5 f6 16. Bd2 Rac8 17. Bc3 e5 18. f4 Ne6 19. f5 Ned4 20. g4 Nd8 21. h4 Nf7 22. Bh3 Nd6 23. Kh2 Bc6 24. Bg2 Rcd8 25. Bxd4 exd4 26. Re1 Bxe4 27. Bxe4 Qe5+ 28. Kg2 Qf4 29. Rf1 Qh6 30. Bd5+ Kh8 31. Qf3 Rde8 32. Be6 g6 33. Qg3 Rd8 34. g5 Qg7 35. fxg6 Qxg6 36. Rf3 f5 37. Bd5 Rfe8 38. Rh1 Re2+ 39. Rf2 Re3 40. Qf4 Qh5 41. Bf3 Qe8 42. h5 Qe5 43. Qxe5+ Rxe5 44. Kg3 Re3 45. Rd1 f4+ 46. Kxf4 Rf8+ 47. Kg4 Nf7 48. Rff1 Ne5+ 49. Kg3 Nxd3 50. Rd2 Ne5 51. Rdf2 Rf5 52. h6 Rxg5+ 53. Kh4 Rg6 54. Bh5 Re4+ 55. Rf4 Rxf4+ 56. Rxf4 Rxh6 57. Kg5 Rd6 58. b3 Kg7 59. Rf5 Ng6 60. Rf1 Re6 61. Kf5 Re5+ 62. Kg4 Re2 0-1

[Event "Albert Boxer mem"]
[Site "Winnipeg CAN"]
[Date "2009.05.31"]
[Round "5"]
[White "Czypinski, Jaroslaw"]
[Black "Boron, Anthony"]
[Result "1-0"]
[WhiteElo "1885"]
[BlackElo "2006"]
[PlyCount "47"]
[GameId "2160767910156608"]
[EventDate "2009.05.29"]
[EventType "swiss"]
[EventRounds "5"]
[EventCountry "CAN"]
[SourceTitle "EXT 2011"]
[Source "ChessBase"]
[SourceDate "2011.11.26"]
[SourceVersion "1"]
[SourceVersionDate "2011.11.26"]
[SourceQuality "1"]

1. Nf3 c5 2. b3 d5 3. Bb2 Nc6 4. e3 e6 5. d4 Nf6 6. Nbd2 cxd4 7. exd4 Bd6 8. Ne5 O-O 9. Bd3 Nb4 10. Be2 Qc7 11. c3 Bxe5 12. dxe5 Nd3+ 13. Bxd3 Qxe5+ 14. Qe2 Qg5 15. Nf3 Qxg2 16. Rg1 Qh3 17. O-O-O e5 18. Ng5 Qxh2 19. Ba3 e4 20. Bxf8 exd3 21. Qe7 d2+ 22. Kb2 Qh5 23. Bxg7 Kxg7 24. Ne6+ 1-0

[Event "Albert Boxer mem"]
[Site "Winnipeg CAN"]
[Date "2009.05.31"]
[Round "5"]
[White "Green, Aaron"]
[Black "Swift, Ryne"]
[Result "0-1"]
[WhiteElo "1857"]
[BlackElo "1681"]
[PlyCount "42"]
[GameId "2160767910156609"]
[EventDate "2009.05.29"]
[EventType "swiss"]
[EventRounds "5"]
[EventCountry "CAN"]
[SourceTitle "EXT 2011"]
[Source "ChessBase"]
[SourceDate "2011.11.26"]
[SourceVersion "1"]
[SourceVersionDate "2011.11.26"]
[SourceQuality "1"]

1. e4 e5 2. Nf3 Nc6 3. Bb5 a6 4. Bxc6 dxc6 5. O-O Bd6 6. d4 exd4 7. Qxd4 f6 8. Be3 Be6 9. Nbd2 Ne7 10. Qc3 O-O 11. Rfd1 Qe8 12. Nc4 Rd8 13. Nd4 Bc8 14. Qb3 Kh8 15. a4 Qg6 16. Nxd6 cxd6 17. f3 Bh3 18. g3 Rd7 19. Ne2 Rfd8 20. Nf4 Qh6 21. Ne6 Bxe6 0-1

[Event "Albert Boxer mem"]
[Site "Winnipeg CAN"]
[Date "2009.05.31"]
[Round "5"]
[White "Letain, Cory"]
[Black "Ott, Richard"]
[Result "1-0"]
[WhiteElo "1581"]
[BlackElo "1466"]
[PlyCount "21"]
[GameId "2160767910156610"]
[EventDate "2009.05.29"]
[EventType "swiss"]
[EventRounds "5"]
[EventCountry "CAN"]
[SourceTitle "EXT 2011"]
[Source "ChessBase"]
[SourceDate "2011.11.26"]
[SourceVersion "1"]
[SourceVersionDate "2011.11.26"]
[SourceQuality "1"]

1. d4 d5 2. c4 e5 3. dxe5 d4 4. Nf3 Nc6 5. a3 Nge7 6. Bg5 Qd7 7. e3 Ng6 8. e6 Qxe6 9. Nxd4 Qe5 10. Nxc6 bxc6 11. Qd8# 1-0

[Event "Albert Boxer mem"]
[Site "Winnipeg CAN"]
[Date "2009.05.31"]
[Round "5"]
[White "Lipic, Stephen"]
[Black "Manicdao, Tomas"]
[Result "1-0"]
[WhiteElo "1710"]
[BlackElo "1781"]
[PlyCount "95"]
[GameId "2160767910156611"]
[EventDate "2009.05.29"]
[EventType "swiss"]
[EventRounds "5"]
[EventCountry "CAN"]
[SourceTitle "EXT 2011"]
[Source "ChessBase"]
[SourceDate "2011.11.26"]
[SourceVersion "1"]
[SourceVersionDate "2011.11.26"]
[SourceQuality "1"]

1. f4 Nf6 2. Nf3 g6 3. e3 Bg7 4. Be2 d6 5. O-O O-O 6. d3 b6 7. Qe1 Bb7 8. Nc3 a6 9. Nd1 Nbd7 10. Qh4 Re8 11. e4 e6 12. g4 Nf8 13. Rf2 c5 14. Rg2 Rc8 15. Nf2 b5 16. Bd2 b4 17. Re1 Qb6 18. b3 Qa5 19. f5 exf5 20. gxf5 Qxa2 21. Bg5 N6d7 22. f6 Bh8 23. Bd1 Qa1 24. Ng4 h5 25. Nh6+ Kh7 26. Nxf7 Bxf6 27. Nxd6 Bc6 28. Nxc8 Rxc8 29. Bxf6 Nxf6 30. e5 N6d7 31. e6 Nf6 32. Ng5+ Kh6 33. Bxh5 Qd4+ 34. Qxd4 cxd4 35. Bf3 Nd5 36. Nf7+ Kg7 37. Nd6 Rd8 38. Bxd5 Rxd6 39. Bxc6 Nxe6 40. Be4 Nf4 41. Rg4 Nh5 42. Kf2 Rf6+ 43. Ke2 Nf4+ 44. Rxf4 Rxf4 45. Rg1 Rf6 46. Rxg6+ Rxg6 47. Bxg6 Kxg6 48. Kf3 1-0

[Event "Albert Boxer mem"]
[Site "Winnipeg CAN"]
[Date "2009.05.31"]
[Round "5"]
[White "Lipnowski, Samuel"]
[Black "Kaptsan, Aron"]
[Result "1-0"]
[WhiteElo "2278"]
[BlackElo "2080"]
[PlyCount "67"]
[GameId "2160767910156612"]
[EventDate "2009.05.29"]
[EventType "swiss"]
[EventRounds "5"]
[EventCountry "CAN"]
[SourceTitle "EXT 2011"]
[Source "ChessBase"]
[SourceDate "2011.11.26"]
[SourceVersion "1"]
[SourceVersionDate "2011.11.26"]
[SourceQuality "1"]

1. e4 e5 2. Nf3 Nc6 3. Bb5 a6 4. Ba4 Nf6 5. O-O Be7 6. Re1 b5 7. Bb3 d6 8. c3 O-O 9. h3 Nb8 10. d4 Nbd7 11. Nbd2 Bb7 12. a4 exd4 13. cxd4 c5 14. e5 Nd5 15. Ne4 dxe5 16. dxe5 c4 17. Bc2 Nb4 18. Neg5 h6 19. Ne4 Nxc2 20. Qxc2 Bxe4 21. Rxe4 Nc5 22. Rg4 Kh8 23. axb5 axb5 24. Rxa8 Qxa8 25. Be3 Qa1+ 26. Kh2 Nd3 27. Bd4 Bc5 28. Bxc5 Nxc5 29. Nd4 Qa6 30. Nf5 Rg8 31. Nd6 Rf8 32. Qf5 Kg8 33. Qh5 f5 34. Nxf5 1-0

[Event "Albert Boxer mem"]
[Site "Winnipeg CAN"]
[Date "2009.05.31"]
[Round "5"]
[White "Pang, Michael"]
[Black "Green, Jim"]
[Result "1/2-1/2"]
[WhiteElo "1514"]
[BlackElo "1769"]
[PlyCount "38"]
[GameId "2160767910156613"]
[EventDate "2009.05.29"]
[EventType "swiss"]
[EventRounds "5"]
[EventCountry "CAN"]
[SourceTitle "EXT 2011"]
[Source "ChessBase"]
[SourceDate "2011.11.26"]
[SourceVersion "1"]
[SourceVersionDate "2011.11.26"]
[SourceQuality "1"]

1. e4 c5 2. Nf3 e6 3. d4 cxd4 4. Nxd4 Nc6 5. Nc3 a6 6. Be3 Nf6 7. Qd2 Be7 8. f3 b5 9. Nxc6 dxc6 10. Qxd8+ Bxd8 11. Bc5 Be7 12. Bxe7 Kxe7 13. O-O-O e5 14. a3 a5 15. b3 Be6 16. a4 b4 17. Nb1 Rhd8 18. Nd2 Rd7 19. Nc4 Rxd1+ 1/2-1/2

[Event "Albert Boxer mem"]
[Site "Winnipeg CAN"]
[Date "2009.05.31"]
[Round "5"]
[White "Rutter, Blair"]
[Black "Greenberg, Harley"]
[Result "1-0"]
[WhiteElo "1808"]
[BlackElo "1762"]
[PlyCount "64"]
[GameId "2160767910156614"]
[EventDate "2009.05.29"]
[EventType "swiss"]
[EventRounds "5"]
[EventCountry "CAN"]
[SourceTitle "EXT 2011"]
[Source "ChessBase"]
[SourceDate "2011.11.26"]
[SourceVersion "1"]
[SourceVersionDate "2011.11.26"]
[SourceQuality "1"]

1. c4 e5 2. Nc3 Nf6 3. g3 Bb4 4. Qc2 Nc6 5. e3 d5 6. cxd5 Nxd5 7. Bg2 Be6 8. Nge2 O-O 9. O-O Nxc3 10. bxc3 Ba5 11. Ba3 Re8 12. Rad1 Bc4 13. d3 Bd5 14. e4 Be6 15. d4 Bc4 16. dxe5 Qg5 17. f4 Qg6 18. Rfe1 Bb6+ 19. Kh1 Bf2 20. Rf1 Bxg3 21. Nxg3 Bxf1 22. Rxf1 Rad8 23. Bc5 b6 24. Be3 Na5 25. Bf3 Nc4 26. Bc1 Qc6 27. Nf5 Qc5 28. Nd4 Nxe5 29. fxe5 Rxd4 30. Be3 Qc4 31. Be2 Rd2 32. Qxd2 Qxe4+ 1-0

[Event "Albert Boxer mem"]
[Site "Winnipeg CAN"]
[Date "2009.05.31"]
[Round "5"]
[White "Wasserman, Arie"]
[Black "Gibbons, Lorne"]
[Result "1-0"]
[WhiteElo "1733"]
[BlackElo "1246"]
[PlyCount "97"]
[GameId "2160767910156615"]
[EventDate "2009.05.29"]
[EventType "swiss"]
[EventRounds "5"]
[EventCountry "CAN"]
[SourceTitle "EXT 2011"]
[Source "ChessBase"]
[SourceDate "2011.11.26"]
[SourceVersion "1"]
[SourceVersionDate "2011.11.26"]
[SourceQuality "1"]

1. e4 Nc6 2. Nf3 e6 3. d4 Bb4+ 4. Bd2 Bxd2+ 5. Qxd2 b6 6. Bb5 Nce7 7. Nc3 c6 8. Ba4 Ba6 9. Qg5 Ng6 10. Qe3 Nf6 11. h3 Nh5 12. O-O-O O-O 13. d5 exd5 14. exd5 Re8 15. Qd2 b5 16. Bb3 c5 17. a3 Nf6 18. Rhe1 Qb6 19. Ng5 c4 20. Ba2 Rab8 21. Nce4 Nxe4 22. Nxe4 d6 23. c3 Ne5 24. Bb1 Bb7 25. Qg5 Qd8 26. Qh5 f6 27. f4 Ng6 28. Qg4 Bc8 29. Qg3 Bf5 30. Qf3 a5 31. g4 Bc8 32. f5 Ne5 33. Qf4 a4 34. h4 h6 35. g5 hxg5 36. hxg5 Qd7 37. gxf6 Qxf5 38. Qxf5 Bxf5 39. Nxd6 Bxb1 40. Nxe8 Nd3+ 41. Kxb1 Nxe1 42. Rxe1 gxf6 43. Nxf6+ Kf7 44. Nd7 Rb7 45. Nc5 Rc7 46. Na6 Rd7 47. Nb4 Kf6 48. Re6+ Kf5 49. Rb6 1-0

[Event "Albert Boxer mem"]
[Site "Winnipeg CAN"]
[Date "2009.05.31"]
[Round "5"]
[White "Wasserman, Leor"]
[Black "Gannon, Keith"]
[Result "1-0"]
[WhiteElo "1620"]
[BlackElo "1598"]
[PlyCount "89"]
[GameId "2160767910156616"]
[EventDate "2009.05.29"]
[EventType "swiss"]
[EventRounds "5"]
[EventCountry "CAN"]
[SourceTitle "EXT 2011"]
[Source "ChessBase"]
[SourceDate "2011.11.26"]
[SourceVersion "1"]
[SourceVersionDate "2011.11.26"]
[SourceQuality "1"]

1. e4 c5 2. Nf3 d6 3. c3 Nf6 4. Bd3 Nc6 5. Bc2 g6 6. d4 cxd4 7. cxd4 Bg7 8. O-O O-O 9. Nc3 Bg4 10. Be3 a6 11. h3 Bxf3 12. Qxf3 Rc8 13. Rac1 Nb4 14. Bb3 Nd3 15. Rc2 Nxb2 16. Qe2 b5 17. Nxb5 Rxc2 18. Qxc2 axb5 19. Qxb2 Nxe4 20. Bc2 Qa8 21. Qxb5 Nf6 22. a4 Rb8 23. Qc4 d5 24. Qa2 e6 25. Rb1 Rxb1+ 26. Qxb1 Ne8 27. Qb6 Bf6 28. Bh6 Bd8 29. Qc5 Ng7 30. Bd2 h5 31. Bb4 Bf6 32. a5 e5 33. Qd6 Ne6 34. dxe5 Bg7 35. Bxg6 Bf8 36. Bxf7+ Kxf7 37. Qd7+ Kg6 38. Qxe6+ Kg7 39. Qf6+ Kg8 40. Qxf8+ Qxf8 41. Bxf8 Kxf8 42. a6 d4 43. a7 d3 44. a8=Q+ Ke7 45. Qd5 1-0

[Event "Albert Boxer mem"]
[Site "Winnipeg CAN"]
[Date "2009.05.31"]
[Round "5"]
[White "Wiebe, Daniel"]
[Black "Khedkar, Jay S"]
[Result "0-1"]
[WhiteElo "1904"]
[BlackElo "1982"]
[PlyCount "74"]
[GameId "2160767910156617"]
[EventDate "2009.05.29"]
[EventType "swiss"]
[EventRounds "5"]
[EventCountry "CAN"]
[SourceTitle "EXT 2011"]
[Source "ChessBase"]
[SourceDate "2011.11.26"]
[SourceVersion "1"]
[SourceVersionDate "2011.11.26"]
[SourceQuality "1"]

1. e4 e6 2. d4 d5 3. Nc3 Nf6 4. Bg5 Be7 5. Bxf6 Bxf6 6. e5 Be7 7. Qg4 g6 8. O-O-O c5 9. f4 cxd4 10. Rxd4 Nc6 11. Rd1 Qb6 12. h4 Qe3+ 13. Kb1 Nd4 14. Nb5 h5 15. Qh3 Qxh3 16. Rxh3 Nxb5 17. Bxb5+ Kf8 18. Nf3 a6 19. Ba4 b5 20. Bb3 a5 21. a4 Bd7 22. axb5 a4 23. Ba2 Bxb5 24. Nd4 Bd7 25. c4 a3 26. bxa3 Kg7 27. Rdd3 Rhb8+ 28. Ka1 Ra4 29. cxd5 exd5 30. f5 Bc5 31. Nb3 Bxa3 32. f6+ Kh6 33. Rh1 Be6 34. g3 Bf5 35. Rd2 Bb4 36. Rhd1 Bc3+ 37. Rb2 Rxb3 0-1

[Event "Alberta-ch"]
[Site "Edmonton CAN"]
[Date "2009.04.10"]
[Round "1"]
[White "Huber, Gregory"]
[Black "Pechenkin, Vladimir"]
[Result "0-1"]
[WhiteElo "2245"]
[BlackElo "2312"]
[PlyCount "74"]
[GameId "2160767910157312"]
[EventDate "2009.04.10"]
[EventType "tourn"]
[EventRounds "5"]
[EventCountry "CAN"]
[EventCategory "2"]
[SourceTitle "EXT 2011"]
[Source "ChessBase"]
[SourceDate "2011.11.26"]
[SourceVersion "1"]
[SourceVersionDate "2011.11.26"]
[SourceQuality "1"]

1. c4 e5 2. g3 Nf6 3. Bg2 d6 4. Nc3 Nbd7 5. e4 Be7 6. Nge2 O-O 7. O-O c6 8. d4 a6 9. a4 a5 10. h3 exd4 11. Nxd4 Nc5 12. Be3 Re8 13. Qc2 Bf8 14. Rfe1 Qb6 15. Rad1 h6 16. f4 Bd7 17. Bf2 Rad8 18. g4 Bc8 19. Bf3 Nh7 20. Kg2 g6 21. h4 Nf6 22. f5 Nfd7 23. fxg6 fxg6 24. e5 Nxe5 25. Rxe5 Rxe5 26. Qxg6+ Kh8 27. Nf5 Bxf5 28. gxf5 Rd7 29. f6 Ne6 30. Qc2 Qd8 31. Ne4 d5 32. cxd5 cxd5 33. Ng3 Qxf6 34. Qc8 Rf7 35. Qc3 Bb4 36. Qb3 Nc5 37. Qc2 Qxf3+ 0-1

[Event "Alberta-ch"]
[Site "Edmonton CAN"]
[Date "2009.04.11"]
[Round "2"]
[White "Pechenkin, Vladimir"]
[Black "Gardner, Robert"]
[Result "1-0"]
[WhiteElo "2312"]
[BlackElo "2143"]
[PlyCount "83"]
[GameId "2160767910157315"]
[EventDate "2009.04.10"]
[EventType "tourn"]
[EventRounds "5"]
[EventCountry "CAN"]
[EventCategory "2"]
[SourceTitle "EXT 2011"]
[Source "ChessBase"]
[SourceDate "2011.11.26"]
[SourceVersion "1"]
[SourceVersionDate "2011.11.26"]
[SourceQuality "1"]

1. e4 d6 2. f4 Nf6 3. d3 e5 4. Nf3 Nc6 5. Be2 Be7 6. O-O Bg4 7. c3 Qd7 8. b4 exf4 9. Bxf4 h6 10. Nbd2 g5 11. Be3 Bh5 12. Nd4 Ng4 13. Nf5 Nxe3 14. Nxe3 Bxe2 15. Qxe2 Ne5 16. d4 Ng6 17. Rf5 Rh7 18. Raf1 Nf4 19. Qc4 c6 20. g3 Ne6 21. Qe2 h5 22. Qf2 f6 23. d5 Ng7 24. Rxf6 O-O-O 25. Rf7 Rdh8 26. Nec4 Kb8 27. dxc6 bxc6 28. Na5 Ne8 29. Rxh7 Rxh7 30. Qf5 Qxf5 31. Rxf5 Kc7 32. Nf3 Bf6 33. e5 dxe5 34. Nxg5 Rd7 35. Ne4 Bg7 36. Nc4 h4 37. gxh4 Re7 38. Kg2 Bh8 39. a4 Rg7+ 40. Kf3 Rh7 41. h5 Kd7 42. Nxe5+ 1-0

[Event "Alberta-ch"]
[Site "Edmonton CAN"]
[Date "2009.04.11"]
[Round "3"]
[White "Gardner, Robert"]
[Black "Reeve, Jeff"]
[Result "1-0"]
[WhiteElo "2143"]
[BlackElo "2241"]
[PlyCount "75"]
[GameId "2160767910157317"]
[EventDate "2009.04.10"]
[EventType "tourn"]
[EventRounds "5"]
[EventCountry "CAN"]
[EventCategory "2"]
[SourceTitle "EXT 2011"]
[Source "ChessBase"]
[SourceDate "2011.11.26"]
[SourceVersion "1"]
[SourceVersionDate "2011.11.26"]
[SourceQuality "1"]

1. d4 Nf6 2. c4 g6 3. Nc3 Bg7 4. e4 O-O 5. Nf3 d6 6. h3 Na6 7. Bg5 h6 8. Be3 c6 9. g4 e5 10. d5 cxd5 11. cxd5 Nc5 12. Nd2 a5 13. Bxc5 dxc5 14. Bb5 Ne8 15. Qe2 Nd6 16. a4 f5 17. O-O-O fxg4 18. hxg4 Rf4 19. f3 Qf8 20. Rhf1 Bf6 21. Nc4 Bg5 22. Kb1 Qe7 23. Nxd6 Qxd6 24. Qc4 Kg7 25. Ka2 Rf6 26. Nb1 Be3 27. Na3 Bd4 28. Qe2 Rf4 29. Rh1 Bd7 30. Rh3 Rh8 31. Rdh1 g5 32. Qh2 Bc8 33. Nc4 Qf6 34. d6 Be6 35. d7 Qf7 36. Rxh6 Bxc4+ 37. Bxc4 Qxc4+ 38. b3 1-0

[Event "Alberta-ch"]
[Site "Edmonton CAN"]
[Date "2009.04.12"]
[Round "4"]
[White "Huber, Gregory"]
[Black "Gardner, Robert"]
[Result "0-1"]
[WhiteElo "2245"]
[BlackElo "2143"]
[PlyCount "70"]
[GameId "2160767910157320"]
[EventDate "2009.04.10"]
[EventType "tourn"]
[EventRounds "5"]
[EventCountry "CAN"]
[EventCategory "2"]
[SourceTitle "EXT 2011"]
[Source "ChessBase"]
[SourceDate "2011.11.26"]
[SourceVersion "1"]
[SourceVersionDate "2011.11.26"]
[SourceQuality "1"]

1. c4 b6 2. d4 e6 3. a3 Nf6 4. Nc3 d5 5. g3 Bb7 6. Bg2 Be7 7. cxd5 Nxd5 8. e4 Nxc3 9. bxc3 O-O 10. Ne2 c5 11. O-O Nc6 12. Bf4 Na5 13. Qd3 Rc8 14. Rfd1 Qd7 15. h4 Rfd8 16. Kh2 Qa4 17. h5 Nb3 18. Rab1 Ba6 19. Qc2 Bxe2 20. Qxe2 cxd4 21. Be5 f6 22. Bh3 Kf7 23. Bxd4 Nxd4 24. cxd4 Rc2 25. Qe3 Qxa3 26. Rb3 Qa2 27. d5 Rxf2+ 28. Kg1 Bc5 29. dxe6+ Ke7 30. Rxd8 Bxe3 31. Rd7+ Ke8 32. Rxe3 Rh2 33. Rf3 Rxh3 34. Rxg7 Qh2+ 35. Kf1 Qh1+ 0-1

[Event "Alberta-ch"]
[Site "Edmonton CAN"]
[Date "2009.04.12"]
[Round "4"]
[White "Pechenkin, Vladimir"]
[Black "Reeve, Jeff"]
[Result "1-0"]
[WhiteElo "2312"]
[BlackElo "2241"]
[PlyCount "91"]
[GameId "2160767910157321"]
[EventDate "2009.04.10"]
[EventType "tourn"]
[EventRounds "5"]
[EventCountry "CAN"]
[EventCategory "2"]
[SourceTitle "EXT 2011"]
[Source "ChessBase"]
[SourceDate "2011.11.26"]
[SourceVersion "1"]
[SourceVersionDate "2011.11.26"]
[SourceQuality "1"]

1. f4 g6 2. Nf3 Bg7 3. g3 d6 4. Bg2 c5 5. O-O Nc6 6. e4 Nf6 7. d3 O-O 8. h3 Rb8 9. Nc3 Nd7 10. g4 b5 11. Ne2 b4 12. Ng3 a5 13. Rb1 a4 14. b3 Ra8 15. Bb2 axb3 16. axb3 Bxb2 17. Rxb2 Qb6 18. Kh1 Bb7 19. Qd2 Nd4 20. h4 Ra5 21. h5 Nf6 22. f5 Nxf3 23. Bxf3 gxh5 24. Qg5+ Kh8 25. Nxh5 Rg8 26. Qh4 Nxh5 27. Qxh5 f6 28. g5 fxg5 29. f6 exf6 30. Qf7 d5 31. exd5 Raa8 32. Be4 Rg7 33. Qxf6 Qc7 34. c4 Ra6 35. Qf8+ Rg8 36. Rh2 Qxh2+ 37. Kxh2 Rxf8 38. Rxf8+ Kg7 39. Rb8 Ra7 40. Kg3 h5 41. Bf3 g4 42. Be4 Kf6 43. Kf4 h4 44. Rh8 Ke7 45. Rxh4 Kd6 46. Rxg4 1-0

[Event "Alberta-ch"]
[Site "Edmonton CAN"]
[Date "2009.04.12"]
[Round "5"]
[White "Reeve, Jeff"]
[Black "Huber, Gregory"]
[Result "1/2-1/2"]
[WhiteElo "2241"]
[BlackElo "2245"]
[PlyCount "53"]
[GameId "2160767910157325"]
[EventDate "2009.04.10"]
[EventType "tourn"]
[EventRounds "5"]
[EventCountry "CAN"]
[EventCategory "2"]
[SourceTitle "EXT 2011"]
[Source "ChessBase"]
[SourceDate "2011.11.26"]
[SourceVersion "1"]
[SourceVersionDate "2011.11.26"]
[SourceQuality "1"]

1. e4 d5 2. exd5 Qxd5 3. Nc3 Qd6 4. d4 Nf6 5. Nf3 g6 6. g3 Bg4 7. Bg2 Nc6 8. O-O O-O-O 9. Be3 e5 10. dxe5 Nxe5 11. Qxd6 Nxf3+ 12. Bxf3 Bxd6 13. Kg2 Be5 14. Nd1 Bxf3+ 15. Kxf3 Nd5 16. c3 Rhe8 17. Bc1 Re6 18. Ne3 Bf6 19. Nxd5 Rxd5 20. Be3 Rf5+ 21. Ke2 Rb5 22. Rab1 Rd6 23. Rfc1 Bg5 24. Bxg5 Rxg5 25. Rd1 Re5+ 26. Kf1 Kd7 27. Rxd6+ 1/2-1/2

[Event "Alberta-ch U20"]
[Site "Calgary CAN"]
[Date "2009.11.07"]
[Round "1.1"]
[White "Shi, Diwen"]
[Black "Zhang, David"]
[Result "0-1"]
[WhiteElo "1534"]
[BlackElo "2101"]
[PlyCount "52"]
[GameId "2160767910030381"]
[EventDate "2009.11.08"]
[EventType "tourn"]
[EventRounds "5"]
[EventCountry "CAN"]

1. Nf3 d5 2. e3 Nf6 3. c4 e6 4. Nc3 Be7 5. Be2 O-O 6. O-O c6 7. b3 Nbd7 8. Bb2 a6 9. Rc1 b5 10. cxd5 cxd5 11. Qc2 Bb7 12. d3 Rc8 13. Qd2 Bb4 14. a3 Bd6 15. b4 Qe7 16. Rfd1 Rfd8 17. e4 dxe4 18. dxe4 Ne5 19. Qe3 Nfg4 20. Qb6 Nxf3+ 21. Bxf3 Bxh2+ 22. Kf1 Ne5 23. Rxd8+ Rxd8 24. Nxb5 Nxf3 25. gxf3 axb5 26. Bd4 Bf4 0-1

[Event "Alberta-ch U20"]
[Site "Calgary CAN"]
[Date "2009.11.07"]
[Round "1.2"]
[White "Miller, David"]
[Black "Kalaydina, Regina Veronicka"]
[Result "0-1"]
[WhiteElo "1627"]
[BlackElo "1892"]
[PlyCount "92"]
[GameId "2160767910030382"]
[EventDate "2009.11.08"]
[EventType "tourn"]
[EventRounds "5"]
[EventCountry "CAN"]

1. e4 c5 2. Ne2 Nf6 3. d3 Nc6 4. g3 g6 5. Bg2 Bg7 6. O-O d6 7. c3 O-O 8. f4 e6 9. Nd2 Qc7 10. Qc2 Rb8 11. a4 a6 12. Nf3 b5 13. axb5 axb5 14. e5 Nd5 15. exd6 Qxd6 16. Ng5 Nce7 17. Ne4 Qb6 18. Kh1 Nf5 19. Rf3 Bb7 20. Qd2 Rfd8 21. Ng1 b4 22. c4 Nf6 23. Nxf6+ Bxf6 24. Rf2 Bxg2+ 25. Rxg2 Qd6 26. Nf3 Nd4 27. Nxd4 Qxd4 28. Rb1 Rd7 29. b3 Qxd3 30. Qxd3 Rxd3 31. Rg1 Rbd8 32. Bb2 Bxb2 33. Rxb2 Rd2 34. Rg2 Rd1+ 35. Rg1 f6 36. Rxd1 Rxd1+ 37. Kg2 Rd3 38. Kf2 Kf7 39. Ke2 Rc3 40. Kf2 f5 41. Kg2 Kf6 42. Kf2 e5 43. fxe5+ Kxe5 44. Re2+ Kd4 45. Rb2 Kd3 46. Re2 Rc2 0-1

[Event "Alberta-ch U20"]
[Site "Calgary CAN"]
[Date "2009.11.07"]
[Round "1.3"]
[White "Virji, Naveed"]
[Black "Wang, Yuekai"]
[Result "0-1"]
[WhiteElo "1478"]
[BlackElo "1806"]
[PlyCount "86"]
[GameId "2160767910030383"]
[EventDate "2009.11.08"]
[EventType "tourn"]
[EventRounds "5"]
[EventCountry "CAN"]

1. e4 c5 2. Nf3 Nc6 3. d4 cxd4 4. Nxd4 Nf6 5. Nxc6 bxc6 6. Nc3 e5 7. Bg5 Bb4 8. Qf3 Qa5 9. Bd2 d5 10. exd5 Nxd5 11. O-O-O Bxc3 12. Bxc3 Qxa2 13. Bxe5 O-O 14. Qg3 f6 15. Bd6 Rd8 16. Qa3 Qxa3 17. Bxa3 Bg4 18. f3 Bf5 19. c4 Ne3 20. Rxd8+ Rxd8 21. Be2 Nxg2 22. Bc5 Nf4 23. Bf1 a6 24. Bb6 Rd7 25. c5 Bd3 26. Bxd3 Nxd3+ 27. Kc2 Ne5 28. f4 Ng6 29. Re1 Kf7 30. Ra1 Nxf4 31. Rxa6 Ne6 32. b4 g5 33. Ba5 Nd4+ 34. Kc3 f5 35. Kd3 f4 36. Ke4 f3 37. Ke3 Re7+ 38. Kf2 Re2+ 39. Kf1 Nf5 40. Ra7+ Kg6 41. Bd8 Ne3+ 42. Kg1 f2+ 43. Kh1 Re1# 0-1

[Event "Alberta-ch U20"]
[Site "Calgary CAN"]
[Date "2009.11.07"]
[Round "2.1"]
[White "Zhang, David"]
[Black "Wang, Yuekai"]
[Result "1/2-1/2"]
[WhiteElo "2101"]
[BlackElo "1806"]
[PlyCount "93"]
[GameId "2160767910030384"]
[EventDate "2009.11.08"]
[EventType "tourn"]
[EventRounds "5"]
[EventCountry "CAN"]

1. e4 c5 2. Nf3 Nc6 3. Bb5 Qc7 4. O-O Nf6 5. Re1 e6 6. c3 Be7 7. d4 cxd4 8. cxd4 d5 9. e5 Nd7 10. Nc3 a6 11. Bf1 O-O 12. Bg5 h6 13. Bxe7 Nxe7 14. Rc1 Nc6 15. Qd2 b5 16. b4 Bb7 17. a4 bxa4 18. Nxa4 Rfc8 19. Rc2 Qd8 20. Rb1 a5 21. bxa5 Nxa5 22. Rxc8 Bxc8 23. Rb5 Nc4 24. Bxc4 Rxa4 25. Bd3 Ba6 26. Rb1 Bxd3 27. Qxd3 Qc7 28. Qd1 Rc4 29. h3 Nb6 30. Kh2 f6 31. Kg1 Nd7 32. exf6 Nxf6 33. Ra1 Rb4 34. Ne5 Rb8 35. Rc1 Qb7 36. Qe2 Re8 37. Nd3 Nd7 38. Qh5 Re7 39. Qh4 Nf6 40. Nc5 Qb8 41. Re1 e5 42. Qg3 Nh5 43. Qh4 Qe8 44. Nd3 e4 45. Ne5 Nf4 46. Qxf4 Qb8 47. Qh4 1/2-1/2